Untersuchungen zur Struktur und Baugeschichte des Palastes in Mari /

Main Author: Winkler, Hildegard
Corporate Author: Universität Frankfurt am Main
Language: German
Published: Frankfurt am Main : Hildegard Winkler, 1974
Physical Description: 2, 115 s., 2 příl.
Book
Saved in:
LEADER 00783nam a22002172a 4500
001 000529642
003 CZ BrMZK
005 20101110140210.0
007 ta
008 000105s1974 gw f ger d
040 |a BOA001  |b cze 
100 1 |a Winkler, Hildegard  |4 dis 
245 1 0 |a Untersuchungen zur Struktur und Baugeschichte des Palastes in Mari /  |c Hildegard Winkler 
260 |a Frankfurt am Main :  |b Hildegard Winkler,  |c 1974 
300 |a 2, 115 s., 2 příl. 
502 |a Disertace -- Universita ve Frankfurtu nad Mohanem, 1974 
710 2 |a Universität Frankfurt am Main  |7 kn20010710027 
910 |a BOA001  |b 2-0867.455 
964 |a Mari - palác - dějiny stavební 
990 |a BK 
996 7 |b 2619369448  |c 2-0867.455  |l MZK  |r Sklad / do 1 hodiny  |n 0  |w 000529642  |u 000010  |a 1  |e BOA001  |j MZK50  |s A